=LDR 00000nam 2200000 4500 =001 INLIS000000000035237 =005 20260423042423 =035 ##$$a 0010-061300000035237 =008 260423################g##########0#ind## =041 ##$$a ind =082 ##$$a 344.046 =090 ##$$a 344.046, Rah,h =100 1#$$a Rahmadi, Takdir =245 1#$$a Hukum pengelolaan bahan berbahaya dan beracun /$c Takdir Rahmadi =260 ##$$a Surabaya :$b Airlangga University Press,$c 2003 =300 ##$$a xii, 248 hlm. ; $c 21 x 14 cm =650 #4$$a Hukum Lingkugan =850 ##$$a NBPNMAT =020 ##$$a 979-8990-94-3 =084 ##$$a 344.046 RAH h =250 ##$$a cet.1 =504 ##$$a Bibliografi :hlm.228-244 =520 ##$$a Indeks :hlm.245-248 =990 ##$$a 21005220 =990 ##$$a 21005219 =990 ##$$a 21005222